| 000 | 00508nam a2200217Ia 4500 | ||
|---|---|---|---|
| 003 | OSt | ||
| 005 | 20221005113715.0 | ||
| 006 | a|||||r|||| 00| 0 | ||
| 007 | ta | ||
| 008 | 221004b |||||||| |||| 00| 0 snd d | ||
| 024 | _a6512 | ||
| 037 | _cTextual | ||
| 040 |
_aCRL _cCRL _bsnd |
||
| 041 |
_2snd _asnd |
||
| 082 | _aO1593,6NARx, L5 | ||
| 100 | _aArjun | ||
| 245 | 0 | _aAdab ain adeeb | |
| 260 | _c1975 | ||
| 942 |
_hO1593,6NARx, L5 _cTEXL _2cc |
||
| 999 |
_c1029004 _d1029004 |
||